Gaming Quiz

Random Gaming or Video Games Quiz

Starcraft II Units Quiz Stats

 Plays Quiz Updated Dec 26, 2013

Challenge
Share
Tweet
Embed
Score 0/48 Timer 07:00
1 Play Today
Race Unit % Correct
ZergZergling
93.9%
TerranMarine
93.1%
ProtossZealot
89.4%
ZergHydralisk
87.8%
ZergDrone
87.5%
TerranSCV
86.7%
ZergMutalisk
85.9%
ProtossProbe
85.6%
ProtossStalker
83.4%
TerranSiege Tank
83.3%
ZergUltralisk
83.1%
ZergRoach
83%
ProtossDark Templar
82%
TerranMarauder
82%
ProtossHigh Templar
79.6%
ZergBaneling
79.2%
ZergQueen
78.8%
TerranBattlecruiser
78.6%
TerranMedivac Dropship
78.5%
ZergBrood Lord
77.9%
TerranGhost
77.7%
TerranThor
77.3%
ProtossCarrier
77.1%
TerranViking
76.2%
Race Unit % Correct
ZergOverlord
75.9%
TerranHellion
74.9%
ProtossVoid Ray
74.6%
ProtossImmortal
74.3%
ProtossColossus
74.2%
ZergInfestor
72.3%
ProtossPhoenix
71.9%
ProtossArchon
70.8%
ProtossMothership
70.7%
ZergCorruptor
69.9%
TerranBanshee
69.7%
ProtossSentry
68.3%
ProtossObserver
68%
TerranRaven
64.1%
TerranReaper
63%
ZergOverseer
62.8%
ZergBroodling
59.9%
ProtossWarp Prism
56.9%
ZergLarva
52%
ZergInfested Terran
50.4%
TerranMULE
49.7%
ZergChangeling
37%
ProtossInterceptor
36.7%
TerranPoint Defense Drone
25.5%

You're not logged in!

Compare scores with friends on all Sporcle quizzes.
Join for Free
OR
Log In

You Might Also Like...

Show Comments

Extras

Top Quizzes Today


Score Distribution

Your Account Isn't Verified!

In order to create a playlist on Sporcle, you need to verify the email address you used during registration. Go to your Sporcle Settings to finish the process.

Report this User

Report this user for behavior that violates our Community Guidelines.

Details: